MARC details
| 000 -LEADER |
| fixed length control field |
01849nam a2200361 i 4500 |
| 003 - CONTROL NUMBER IDENTIFIER |
| control field |
CSPC |
| 005 - DATE AND TIME OF LATEST TRANSACTION |
| control field |
20260119103909.0 |
| 008 - FIXED-LENGTH DATA ELEMENTS--GENERAL INFORMATION |
| fixed length control field |
260115s2007 ph a 000 0 eng d |
| 020 ## - INTERNATIONAL STANDARD BOOK NUMBER |
| International Standard Book Number |
9789718567609 |
| 040 ## - CATALOGING SOURCE |
| Original cataloging agency |
CSPC |
| Language of cataloging |
eng |
| Transcribing agency |
CSPC |
| Description conventions |
rda |
| 050 #4 - LIBRARY OF CONGRESS CALL NUMBER |
| Classification number |
JQ1431 |
| Item number |
M35 2007 |
| 050 00 - LIBRARY OF CONGRESS CALL NUMBER |
| Classification number |
HJ9580 |
| Item number |
.E54 2007 |
| 082 04 - DEWEY DECIMAL CLASSIFICATION NUMBER |
| Classification number |
351.9596 |
| Item number |
P432 |
| 245 00 - TITLE STATEMENT |
| Title |
Perspectives and approaches in local government resource management : |
| Remainder of title |
a sourcebook / |
| Statement of responsibility, etc. |
edited by Alex B. Brillantes, Jr. Jose N. Endriga, and Joel V. Mangahas. |
| 246 03 - VARYING FORM OF TITLE |
| Title proper/short title |
Sourcebook 1 : |
| Remainder of title |
perspective and approaches in local government resource management |
| 246 03 - VARYING FORM OF TITLE |
| Title proper/short title |
Enhancing fiscal sustainability of selected local government units in the Philippines |
| 264 #1 - PRODUCTION, PUBLICATION, DISTRIBUTION, MANUFACTURE, AND COPYRIGHT NOTICE |
| Place of production, publication, distribution, manufacture |
Quezon City : |
| Name of producer, publisher, distributor, manufacturer |
National College of Public Administration and Governance, University of the Philippines, |
| Date of production, publication, distribution, manufacture, or copyright notice |
2007. |
| 300 ## - PHYSICAL DESCRIPTION |
| Extent |
473 pages : |
| Other physical details |
illustrations ; |
| Dimensions |
28 cm. |
| 336 ## - CONTENT TYPE |
| Source |
rdacontent |
| Content type term |
text |
| 337 ## - MEDIA TYPE |
| Source |
rdamdia |
| Media type term |
unmediated |
| 338 ## - CARRIER TYPE |
| Source |
rdacarrier |
| Carrier type term |
volume |
| 505 0# - FORMATTED CONTENTS NOTE |
| Formatted contents note |
Theories and context of local public finance -- Local fiscal resource policies, systems and processes -- Information system for effective fiscal management and governance: best practices -- Innovative approaches for enhanced resource mobilization -- Tools for local resource management. |
| 650 #0 - SUBJECT ADDED ENTRY--TOPICAL TERM |
| Topical term or geographic name entry element |
Finance, Public |
| Geographic subdivision |
Philippines. |
| 650 #0 - SUBJECT ADDED ENTRY--TOPICAL TERM |
| Topical term or geographic name entry element |
Fiscal policy |
| Geographic subdivision |
Philippines. |
| 650 #0 - SUBJECT ADDED ENTRY--TOPICAL TERM |
| Topical term or geographic name entry element |
Local government |
| Geographic subdivision |
Philippines. |
| 650 #0 - SUBJECT ADDED ENTRY--TOPICAL TERM |
| Topical term or geographic name entry element |
Local finance |
| General subdivision |
Information resources management. |
| Geographic subdivision |
Philippines. |
| 650 #0 - SUBJECT ADDED ENTRY--TOPICAL TERM |
| Topical term or geographic name entry element |
Local taxation |
| Geographic subdivision |
Philippines. |
| 700 1# - ADDED ENTRY--PERSONAL NAME |
| Personal name |
Brillantes, Alex B., |
| Relator term |
editor. |
| 700 1# - ADDED ENTRY--PERSONAL NAME |
| Personal name |
Endriga, Jose N., |
| Relator term |
editor. |
| 700 1# - ADDED ENTRY--PERSONAL NAME |
| Personal name |
Mangahas, Jose V., |
| Relator term |
editor. |
| 942 ## - ADDED ENTRY ELEMENTS (KOHA) |
| Source of classification or shelving scheme |
Dewey Decimal Classification |
| Suppress in OPAC |
No |
| Koha item type |
Books |
| Classification part |
351.9596 |
| Item part |
P432 |
| Call number prefix |
FIL |
| Call number suffix |
2007 |